Intereses de España en Marruecos (Record no. 83272)

MARC details
000 -LEADER
campo de control de longitud fija 00943nam a2200229 i 4500
001 - NÚMERO DE CONTROL
campo de control 83272
003 - IDENTIFICADOR DE NÚMERO DE CONTROL
campo de control ES-MaACL
005 - FECHA Y HORA DE LA ÚLTIMA TRANSACCIÓN
campo de control 20250807051102.0
007 - CAMPO FIJO DE DESCRIPCIÓN FÍSICA--INFORMACIÓN GENERAL
campo de control de longitud fija t|
008 - DATOS DE LONGITUD FIJA--INFORMACIÓN GENERAL
campo de control de longitud fija 041116s1951 sp ||||1| spa d
245 00 - MENCIÓN DEL TÍTULO
Título Intereses de España en Marruecos
Resto del título : discursos pronunciados en el Meeting de la Sociedad Española de Africanistas y Colonistas... 1884 /
Mención de responsabilidad, etc. por Francisco Coello... [et al.].
260 ## - PUBLICACIÓN, DISTRIBUCIÓN, ETC.
Lugar de publicación, distribución, etc. Madrid :
Nombre del editor, distribuidor, etc. Instituto de Estudios Africanos,
Fecha de publicación, distribución, etc. 1951.
300 ## - DESCRIPCIÓN FÍSICA
Extensión 87 p. ;
Dimensiones 21 cm.
500 ## - NOTA GENERAL
Nota general Precede al tít.: Consejo Superior de Investigaciones Científicas.
651 #4 - PUNTO DE ACCESO ADICIONAL DE MATERIA--NOMBRE GEOGRÁFICO
Nombre geográfico España-
Subdivisión general Relaciones-
Subdivisión geográfica Marruecos.
9 (RLIN) 8470
651 #4 - PUNTO DE ACCESO ADICIONAL DE MATERIA--NOMBRE GEOGRÁFICO
Nombre geográfico Marruecos-
Subdivisión general Relaciones-
Subdivisión geográfica España.
9 (RLIN) 9034
700 1# - ENTRADA AGREGADA--NOMBRE PERSONAL
Nombre de persona Coello, Francisco,
Fechas asociadas al nombre 1822-1898
9 (RLIN) 39459
710 2# - ENTRADA AGREGADA--NOMBRE DE ENTIDAD CORPORATIVA
Nombre de entidad corporativa o nombre de jurisdicción como elemento de entrada Consejo Superior de Investigaciones Científicas (España)
9 (RLIN) 3236
710 2# - ENTRADA AGREGADA--NOMBRE DE ENTIDAD CORPORATIVA
Nombre de entidad corporativa o nombre de jurisdicción como elemento de entrada Instituto de Estudios Africanos.
9 (RLIN) 4881
852 ## - LOCALIZACIÓN
Ubicación ES-MaACL
Número de control de estantería C-12409
Sublocalización o colección R.31801
Holdings
Estatus retirado Estado de pérdida Estado de daño No para préstamo Biblioteca de origen Biblioteca actual Ubicación en estantería Fecha de adquisición Fuente de adquisición Total de préstamos Signatura topográfica completa Código de barras Visto por última vez Precio de reemplazo Tipo de ítem Koha
        Biblioteca del Ateneo de Madrid Biblioteca del Ateneo de Madrid Sala Palomar 17/01/2008     C-12409 1087036 23/02/2023 23/02/2023 Libro impreso